Pokémon que evolucionan con intercambio - Estadísticas

Estadísticas generales
  • Esta prueba ha sido intentada 164 veces
  • La puntuación promedio es 15 de 25
Estadísticas de respuestas
N° pokedex Tipo Pokémon % Correcto
# 67 Lucha Machoke
93%
# 93 Fantasma/Veneno Haunter
92%
# 64 Psíquico Kadabra
92%
# 75 Roca/Tierra Graveler
90%
# 125 Eléctrico Electabuzz
76%
# 126 Fuego Magmar
76%
# 61 Agua Poliwhirl
69%
# 95 Roca/Tierra Onix
68%
# 112 Tierra/Roca Rhydon
68%
# 123 Bicho/Volador Scyther
67%
# 117 Agua Seadra
57%
# 137 Normal Porygon
54%
# 79 Agua Slowpoke
53%
# 588 Bicho Karrablast
50%
# 616 Bicho Shelmet
49%
# 708 Fantasma/Planta Phantump
48%
# 710 Fantasma/Planta Pumpkaboo
48%
# 356 Fantasma Dusclops
45%
# 533 Lucha Gurdurr
44%
# 525 Roca Boldore
43%
# 349 Agua Feebas
42%
# 233 Normal Porygon2
40%
# 682 Hada Spritzee
40%
# 684 Hada Swirlix
38%
# 366 Agua Clamperl
37%
No se encontraron pruebas coincidentes
Distribución de puntuación
Porcentaje de gente con cada puntuación
Porcentaje por número respondido
Historial de tus puntuaciones
No has intentado esta prueba.